00599nam a22001697a 450000500170000001000130001702000260003003500110005603700130006708200100008010000310009024500980012124600750021926000520029427000600034630000230040620210716152031.0 aUR-11149 c500.00a9789390533589 aU-9704 bDBAD/PUB a844.8 aا نو ر بھد ر کی  aخا لد ر حيم :شخصيت ا و ر ا د بی خد ما ت cا نو ر بھد ر کی  aKhalid Raheem :Shakhsiyat Aur Adabi Khidmat (Urdu)bby Anwar Bhadraki  aN.Delhic2020 ءbEducational Publishing House  aH.O.D1/16,Ansari Road,Darya Ganj,bNew Delhie110002l- a528 ص c22 Cm(Hb)